Pokémon - Les attaques de Scovilain - Statistiques

Statistiques générales
  • Ce quiz a été pris 10 fois
  • Le résultat moyen est 13 sur 17
Statistiques - réponses
Niveaux Types Noms des attaques % Correct
Départ Plante Feuillage
100%
Niveau 38 Ténèbres Mâchouille
100%
Niveau 4 Ténèbres Morsure
100%
Niveau 13 Plante Tranch'Herbe
100%
Niveau 17 Feu Zénith
100%
Niveau 44 Plante Canon Graine
80%
Départ Feu Crocs Feu
80%
Niveau 10 Normal Croissance
80%
Départ Normal Groz'Yeux
80%
Départ Évolution Feu Lance-Flammes
80%
Niveau 48 Plante Lance-Soleil
80%
Niveau 33 Plante Soucigraine
80%
Niveau 48 Feu Surchauffe
80%
Niveau 21 Plante Balle Graine
60%
Départ Évolution Plante Habanerage
60%
Niveau 28 Psy Psykoud'Boul
40%
Niveau 24 Normal Coup d'Boule
20%
Aucun quiz correspondant
Distribution des résultats
% des personnes avec chaque résultat
Percentile par nombre de réponses
Votre historique - résultats
Vous n’avez pas pris ce quiz